Normal view
MARC view
- PHYSICS FOR ENGINEERING AND MEDICAL ENTRANCE EXAMINATIONS.MCQ
Entry Topical Term
001 - CONTROL NUMBER
- control field: 61265
003 - CONTROL NUMBER IDENTIFIER
- control field: NUST
005 - DATE AND TIME OF LATEST TRANSACTION
- control field: 20210628202726.0
008 - FIXED-LENGTH DATA ELEMENTS
- fixed length control field: 210628|| aca||aabn | a|a d
040 ## - CATALOGING SOURCE
- Original cataloging agency: NUST
- Transcribing agency: NUST
150 ## - HEADING--TOPICAL TERM
- Topical term or geographic name entry element: PHYSICS FOR ENGINEERING AND MEDICAL ENTRANCE EXAMINATIONS.MCQ
670 ## - SOURCE DATA FOUND
- Source citation: Work cat.: (NUST): Dudeja, Ravi .Raj 61264, Objective physics for engineering and medical entrance examinations, 2005
